000
00299nam a2200109Ia 4500
008
220624s9999 xx 000 0 und d
020
_a
1 874820 68 6
082
_a
SOT F ACHE
100
_a
Achebe, Chinua
_9
1515
245
0
_a
DI WELE MAKGOLELA
942
_c
BK
_w
561
_x
John Tresidder
_y
_z
CRON CRON
999
_c
687038
_d
687037